| 000 | 00510nam a2200193Ia 4500 | ||
|---|---|---|---|
| 008 | 140609s9999 xx 000 0 und d | ||
| 020 | _a9781844485345 | ||
| 050 |
_aNC 880 _b.B234 2009 |
||
| 100 | _aBarber, John. | ||
| 245 | 4 |
_aThe pastel colour wheel book / _cJohn Barber |
|
| 260 |
_aTunbridge Wells : _bSearch Press, _cc2009. |
||
| 300 |
_a160 p. : _bcol. ill. ; _c20 cm. |
||
| 500 | _aIncludes index. | ||
| 521 | _aMA | ||
| 650 | _aArt. | ||
| 650 | _aColor. | ||
| 942 |
_kFOR _cBK |
||
| 999 |
_c118014 _d118014 |
||